[Event "4th Shamkir Chess 2017"]
[Site "Shamkir"]
[Date "2017.04.29"]
[Round "8"]
[White "Karjakin, Sergey"]
[Black "Eljanov, Pavel"]
[Result "1-0"]
[WhiteElo "2783"]
[BlackElo "2751"]
[Annotator "TA"]
[PlyCount "115"]
[EventDate "2017.??.??"]
[EventType "tourn"]
[EventCountry "AZE"]
[SourceTitle "playchess.com"]
[Source "ChessBase"]
[SourceQuality "1"]

{[%evp 22,115,19,17,14,18,30,11,18,0,0,0,0,0,0,0,0,0,0,0,0,0,0,0,8,7,10,10,10,10,10,10,4,0,0,0,0,0,0,0,10,0,14,0,0,0,0,0,42,42,42,35,92,59,94,95,183,183,202,202,202,193,221,220,234,169,169,166,159,159,159,127,127,127,445,445,4742,2541,4656,2464,5486,2789,5682,5667,5667,5651,5656,5667,5667,5110,5431,5292,5667,5528,4766,1248]} 1. e4 e5 2. Nf3 Nc6 3. Bb5 Nf6 4. O-O Nxe4 5. Re1 Nd6 6. Nxe5 Be7 7. Bf1 Nxe5 8. Rxe5 O-O 9. d4 Ne8 {C67: Ruy Lopez: Berlin Defence: 4 0-0 Nxe4} 10. d5 Bc5 11. Re1 d6 12. Nc3 {LiveBook: 3 Games} Bf5 13. Bd3 {[#]} Qh4 $146 (13... Bxd3 14. Qxd3 Nf6 15. Na4 Re8 16. Bd2 Rxe1+ 17. Rxe1 {½-½ (38) Karjakin,S (2782)-Carlsen,M (2864) Moscow 2013}) 14. g3 (14. Bxf5 Qxf2+ 15. Kh1 Qxf5 $17) 14... Qh3 (14... Bxf2+ $2 15. Kxf2 Qxh2+ 16. Kf3 Bxd3 17. Qxd3 $18) 15. Ne4 Bxe4 16. Rxe4 {[#]} Bxf2+ $1 {[%mdl 512]} 17. Kxf2 {Rh4 is the strong threat.} Qxh2+ 18. Kf3 {Black must now prevent Rh4.} Qh5+ 19. g4 Qh3+ 20. Ke2 {[%cal Bf3e2,Be2e1,Be1f2][%mdl 32]} Qg2+ 21. Ke1 Nf6 22. Qe2 Qg3+ 23. Qf2 $1 {[%cal Rf2g3]} Nxe4 24. Qxg3 $1 Nxg3 25. Kf2 Rfe8 {And now ...Ne4+ would win.} 26. Kxg3 Re5 27. Bc4 Re1 28. b3 f6 29. Bb2 Rxa1 30. Bxa1 Kf7 31. Bd4 a6 32. a4 {[%cal Ba2a4,Ba4a5][%mdl 32]} Rh8 33. Be2 Re8 34. Kf2 Ke7 35. a5 {[%mdl 1024] White has compensation.} Rf8 36. Kg3 Kd7 (36... g6 $14) 37. b4 Re8 38. Bd3 Ke7 (38... Rh8 $16 {was worth a try.}) 39. Bxh7 $18 Kd8 40. g5 fxg5 41. Bxg7 Re3+ 42. Kg4 Ra3 43. Bd4 c5 44. dxc6 $1 bxc6 {[#]} 45. Bb6+ $1 Kc8 46. Be4 Ra4 47. c3 {[%cal Bc2c3,Bc3c4][%mdl 32]} c5 $2 {[%mdl 8192]} (47... Ra3 $16) 48. Bc2 {White is clearly winning.} (48. Kxg5 cxb4 49. Bc6 Ra2 $18) 48... Ra3 (48... Ra2 $142) 49. bxc5 dxc5 50. c4 (50. Kxg5 Rxc3 51. Bf5+ Kb8 $16) 50... Ra2 51. Bf5+ Kb7 52. Be4+ (52. Bxc5 Rxa5 53. Bd4 (53. Be4+ Kc7 54. Bf8 Ra1 $14) 53... Kc6 $16) 52... Kc8 53. Bc6 (53. Bxc5 Rxa5 54. Be3 Re5 $16) 53... Rc2 54. Bd5 ({Not} 54. Kxg5 Rxc4 55. Kf6 Rh4 $16) 54... Ra2 55. Kxg5 ({Less strong is} 55. Bxc5 Rxa5 56. Bd6 Kd7 $18) 55... Kd7 56. Bb7 ({Weaker is} 56. Bxc5 Rxa5 57. Bb4 Ra4 $16) 56... Rb2 57. Bxa6 Kc6 58. Kf6 (58. Kg6 $142 Rb3 59. Kg5) 1-0

[Event "4th Shamkir Chess 2017"]
[Site "Shamkir"]
[Date "2017.04.29"]
[Round "8"]
[White "Wojtaszek, Radoslaw"]
[Black "Mamedyarov, Shakhriyar"]
[Result "1-0"]
[WhiteElo "2745"]
[BlackElo "2772"]
[Annotator "TA"]
[PlyCount "61"]
[EventDate "2017.??.??"]
[EventType "tourn"]
[EventCountry "AZE"]
[SourceTitle "playchess.com"]
[Source "ChessBase"]
[SourceQuality "1"]

{[%evp 22,61,0,-19,-7,0,10,3,102,105,92,72,167,62,185,185,199,184,157,155,339,262,292,325,315,304,297,231,649,598,547,433,637,595,754,729,753,620,601,604,610,600]} 1. Nf3 Nf6 2. c4 g6 3. Nc3 d5 4. cxd5 Nxd5 5. Qb3 Nb6 6. d4 Bg7 7. e4 Bg4 {D90: Grünfeld: 4 Nf3 Bg7 sidelines} 8. Bb5+ c6 9. Ng5 O-O 10. Be2 Bxe2 11. Nxe2 Na6 12. Qh3 {[%csl Gg5][%cal Rh3h7] LiveBook: 15 Games} h6 13. Nf3 h5 14. Rg1 Nb4 $146 (14... Nd7 $11) (14... Qd7 15. g4 {1-0 (28) Lupulescu,C (2634)-Nedilko,V (2396) Legnica 2013}) 15. g4 $16 {[%cal Bg2g4,Bg4h5][%mdl 32]} Qd7 {aiming for ...Nc2+.} ({Less strong is} 15... Nc2+ 16. Kf1 Nxa1 17. gxh5 $17) 16. Qh4 $1 Nc2+ {[#]} (16... Bf6 $16 17. Bg5 Nc2+ 18. Kf1 Nxa1 19. gxh5 Bg7) 17. Kf1 $1 $18 Nxd4 (17... Bf6 $1 $14 18. Ng5 Nxa1 19. gxh5 e5) 18. Nexd4 Bxd4 19. gxh5 Bf6 {[#]} 20. Bg5 $1 {[%cal Rg5f6]} Bxb2 $2 (20... Qd6 $16 {was necessary.} 21. hxg6 fxg6 22. Bxf6 Qxf6) 21. Re1 {[%cal Ba1e1,Be1e3,Be3g3,Bg3g7][%mdl 32]} Qd3+ 22. Kg2 f6 {Strongly threatening ...Qxf3+!} 23. Bh6 g5 24. Nxg5 Rf7 $2 (24... fxg5 $2 25. Qxg5+ Kh8 26. Bxf8 $18) (24... Kh8) 25. Nxf7 {White is clearly winning.} Kxf7 26. Re3 ({Don't take} 26. Qg4 $2 Rg8 27. Qxg8+ Kxg8 $19) 26... Qc2 (26... Rg8+ $142 27. Kf3 Qd8 28. Rxg8 Qxg8) 27. Rg3 Bd4 28. Rg7+ Ke6 29. Qg4+ Kd6 {[#]} 30. Be3 $1 {[%mdl 512]} Bxe3 31. Qg3+ 1-0

[Event "4th Shamkir Chess 2017"]
[Site "Shamkir"]
[Date "2017.04.29"]
[Round "8"]
[White "Topalov, Veselin"]
[Black "Harikrishna, Pentala"]
[Result "1/2-1/2"]
[WhiteElo "2741"]
[BlackElo "2755"]
[Annotator "TA"]
[PlyCount "109"]
[EventDate "2017.??.??"]
[EventType "tourn"]
[EventCountry "AZE"]
[SourceTitle "playchess.com"]
[Source "ChessBase"]
[SourceQuality "1"]

{[%evp 18,109,25,2,7,0,0,-1,0,0,0,-5,17,13,0,0,14,11,10,18,8,-2,18,22,29,33,28,31,40,34,39,39,41,38,42,31,64,50,52,43,52,33,39,43,50,50,47,47,64,37,41,22,38,14,12,11,12,12,16,12,11,8,8,8,8,8,8,8,4,0,18,0,16,14,62,8,8,0,0,0,0,0,0,0,0,0,0,0,0,0,0,0,0,0]} 1. e4 e5 2. Nf3 Nc6 3. Bb5 {[%cal Bf1b5,Bb5a4,Ba4b3,Bb3a2,Ba2b1,Bb1c2][%mdl 32]} a6 4. Ba4 Nf6 5. O-O Be7 6. d3 b5 7. Bb3 d6 8. a4 Bd7 9. c3 {C84: Closed Ruy Lopez: Unusual White 6th moves} Na5 10. Ba2 {LiveBook: 3 Games} bxa4 11. Nbd2 O-O 12. Re1 $146 (12. Bb1 c5 13. Bc2 Bb5 14. c4 Bc6 15. Bxa4 Qb6 16. Nb1 Bxa4 17. Rxa4 {½-½ (46) Grandelius,N (2643)-Cheparinov,I (2689) Doha 2016}) 12... c5 13. Bb1 Qc7 14. Bc2 c4 15. Nxc4 Nxc4 16. dxc4 Qxc4 17. Bxa4 Be6 18. Nd2 Qc7 19. Bb3 Bxb3 20. Qxb3 Rfb8 21. Qc4 Qb7 22. Qe2 Qb5 23. Nc4 Rc8 24. Ne3 Qxe2 25. Rxe2 g6 26. Ra4 Rc5 27. Rc2 Rac8 28. Kf1 a5 29. Rd2 Kf8 30. Rd1 Ke8 31. f3 h5 32. Ke2 Kd7 33. Bd2 Ke6 34. Be1 Rb8 35. b4 axb4 36. cxb4 Rc6 37. Rda1 d5 38. Ra6 Rd6 39. R1a5 dxe4 40. Nc4 exf3+ 41. gxf3 Rxa6 42. Rxa6+ Kf5 $1 43. Ra5 Ke6 {White should prevent ...Nd5.} (43... Nd7 $5 {with more complications.} 44. Ra7 Rd8 45. Ne3+ Kg5 46. Ra6 Nf6) 44. Rxe5+ Kd7 45. b5 Bd8 46. Bh4 (46. Bg3 $14) 46... Bc7 $1 $11 {[%cal Rc7e5] The position is equal.} 47. Bxf6 {[#] And now Re7+ would win.} Bxe5 48. Nxe5+ Kd6 $1 ({Don't capture} 48... Ke6 $2 49. Nc6 Rc8 50. Bd4 $18) 49. Bh4 Rb7 ({Much weaker is} 49... Rxb5 50. Nxf7+ Ke6 51. Ng5+ Kf5 52. Ne4 Rb2+ 53. Nd2 $16) ({But not} 49... Ke6 $2 50. Nc6 Ra8 51. b6 $18) 50. Bg3 {Black must now prevent Nxf7+.} Ke6 51. Nc6 {[#] Hoping for Nd8+.} Kd5 52. Nd8 Rxb5 53. Nxf7 Ke6 $1 {[%cal Re6f7]} 54. Nd8+ Kd7 55. Nf7 1/2-1/2

[Event "4th Shamkir Chess 2017"]
[Site "Shamkir"]
[Date "2017.04.30"]
[Round "9"]
[White "Mamedyarov, Shakhriyar"]
[Black "Topalov, Veselin"]
[Result "1/2-1/2"]
[WhiteElo "2772"]
[BlackElo "2741"]
[Annotator "TA"]
[PlyCount "81"]
[EventDate "2017.??.??"]
[EventType "tourn"]
[EventCountry "AZE"]
[SourceTitle "playchess.com"]
[Source "ChessBase"]
[SourceQuality "1"]

{[%evp 34,81,22,6,8,7,11,7,7,7,7,-6,-7,-31,-27,-33,-25,-20,0,0,46,46,46,46,56,2,2,2,3,2,2,0,0,0,0,0,0,0,0,0,0,0,0,0,0,0,0,0,0,0]} 1. d4 d5 2. c4 c6 3. Nc3 Nf6 4. e3 e6 {[%cal Be7e6,Be6e5][%mdl 32]} 5. Nf3 Nbd7 6. Qc2 Bd6 7. Bd3 O-O 8. O-O e5 9. cxd5 cxd5 10. e4 exd4 11. Nxd5 Nxd5 12. exd5 h6 13. Nxd4 Qh4 {D46: Semi-Slav: 5 e3 Nbd7 6 Bd3, Black avoids the Meran} 14. Nf3 Qh5 15. Bh7+ Kh8 16. Qf5 Qxf5 17. Bxf5 Nf6 18. Bc2 {LiveBook: 11 Games} (18. Bd3 $5 {is interesting.} b6 19. Bc4 Bb7 20. b3 Rad8 21. Rd1) 18... b6 19. Rd1 Bb7 20. Bb3 Rad8 21. Be3 {[#]} Be7 $146 22. Rd3 Nxd5 23. Rad1 {[%cal Rb3d5]} Nxe3 24. fxe3 Rxd3 25. Rxd3 {Black should prevent Rd7.} Bxf3 26. gxf3 Rd8 27. Rxd8+ Bxd8 28. Bxf7 $14 {[%mdl 4096] Endgame KB-KB} g5 29. f4 ({White should try} 29. h4 $14) 29... gxf4 {The position is equal.} 30. exf4 Kg7 31. Bd5 Bc7 32. Kg2 Bxf4 33. h3 Kf6 34. Kf3 Be5 35. b3 a5 36. a4 Bd6 37. Ke4 Be5 38. Kf3 Bd6 39. Ke4 Be5 40. Kf3 Bd6 41. Ke4 1/2-1/2

[Event "4th Shamkir Chess 2017"]
[Site "Shamkir"]
[Date "2017.04.30"]
[Round "9"]
[White "Adams, Michael"]
[Black "Wojtaszek, Radoslaw"]
[Result "1/2-1/2"]
[WhiteElo "2761"]
[BlackElo "2745"]
[Annotator "TA"]
[PlyCount "87"]
[EventDate "2017.??.??"]
[EventType "tourn"]
[EventCountry "AZE"]
[SourceTitle "playchess.com"]
[Source "ChessBase"]
[SourceQuality "1"]

{[%evp 23,87,10,28,27,8,0,4,8,22,0,0,-8,-8,-7,-11,-5,-11,-15,-8,-8,-11,-12,-5,-6,0,0,0,0,0,0,0,0,0,0,0,0,0,0,35,0,25,25,25,25,25,25,40,40,40,40,85,64,91,91,146,91,146,91,146,91,146,146,146,91,79,0]} 1. e4 e5 2. Nf3 Nc6 3. Bb5 {[%cal Bf1b5,Bb5a4,Ba4b3][%mdl 32]} a6 4. Ba4 Nf6 5. O-O Be7 6. Re1 b5 7. Bb3 O-O 8. a4 b4 9. d3 d6 10. a5 Be6 11. Bxe6 {C88: Closed Ruy Lopez: Anti-Marshall Systems} fxe6 12. Nbd2 Rb8 {LiveBook: 4 Games} 13. c3 {White has an edge.} (13. Nb3 Qe8 14. d4 exd4 15. Nbxd4 Nxd4 16. Nxd4 Qd7 17. Qe2 c5 18. Nf3 e5 19. Bg5 Qb5 {1-0 (49) So,W (2808)-Gozzoli,Y (2583) chess.com INT 2017}) 13... Rb5 $146 (13... Nd7 14. Nc4 d5 15. exd5 exd5 16. Ne3 Nc5 17. d4 bxc3 18. bxc3 Ne4 19. dxe5 Rxf3 20. Qxf3 Nxe5 21. Qf5 Nd3 22. Nxd5 Nxe1 23. Qxe4 Bc5 {1-0 (23) Saltaev,M (2495)-Smagin,S (2540) Moscow 1995}) 14. c4 Rb8 15. Nb3 Qc8 16. Qe2 Nd7 {[%cal Bf6d7,Bd7e5,Be5c6,Bc6d4][%mdl 32]} 17. d4 exd4 18. Nbxd4 Nxd4 19. Nxd4 Ne5 20. f4 {[%cal Bf2f4,Bf4f5][%mdl 32]} c5 21. Nb3 Nc6 22. Be3 e5 23. f5 $1 Bf6 24. Qd3 Nd4 25. Rf1 Qd8 26. Nd2 Bg5 27. Bxg5 Qxg5 28. Nf3 Qf6 (28... Qh6 $5 {is more complex.} 29. Rf2 Rbe8 30. Nd2 g6 31. Raf1 Qg5) 29. b3 Rbe8 30. Ra2 g5 31. Qd1 Kf7 32. h3 Rh8 {[%cal Bf8h8,Bh8h6,Bh6f6][%mdl 32]} 33. g3 {[%cal Bg2g3,Bg3g4][%mdl 32]} h5 34. Ne1 h4 {[#] White must now prevent ...g4.} 35. g4 Rh6 36. Ng2 Qd8 37. Ne3 Rf6 38. Nd5 Kg7 ({Black should play} 38... Rh6) 39. Kg2 ({White should try} 39. Nxf6 Qxf6 40. Re1) 39... Kh6 (39... Rf7 $142) 40. Rff2 (40. Nxf6 $142 Qxf6 41. Qd3) 40... Ref8 (40... Rf7 $142) 41. Qd3 (41. Nxf6 $142 Qxf6 42. Qd3) 41... R8f7 (41... R6f7 $142) 42. Kh2 Rf8 43. Ne3 (43. Nxf6 $142 Qxf6 44. Qe3) 43... Rg8 $16 44. Nd5 (44. Kg1 $16) 1/2-1/2

[Event "4th Shamkir Chess 2017"]
[Site "Shamkir"]
[Date "2017.04.30"]
[Round "9"]
[White "Harikrishna, Pentala"]
[Black "So, Wesley"]
[Result "1/2-1/2"]
[WhiteElo "2755"]
[BlackElo "2822"]
[Annotator "TA"]
[PlyCount "89"]
[EventDate "2017.??.??"]
[EventType "tourn"]
[EventCountry "AZE"]
[SourceTitle "playchess.com"]
[Source "ChessBase"]
[SourceQuality "1"]

{[%evp 31,89,2,0,0,0,0,0,0,0,0,0,0,0,0,0,0,30,47,33,32,39,0,0,0,0,0,0,0,10,0,0,0,0,0,0,0,0,0,0,0,0,0,0,0,0,0,0,0,0,0,0,0,0,0,0,0,0,0,0,0]} 1. Nf3 Nf6 2. g3 d5 3. Bg2 e6 4. O-O Be7 5. c4 O-O 6. d4 dxc4 7. Qc2 a6 8. Qxc4 b5 9. Qc2 Bb7 10. Bg5 Nbd7 11. Nbd2 Rc8 12. Bxf6 Nxf6 13. Nb3 Be4 14. Qc1 c5 15. dxc5 {E05: Open Catalan: 5 Nf3 Be7} Qc7 16. Rd1 a5 {[%cal Ba6a5,Ba5a4][%mdl 32] LiveBook: 3 Games} 17. c6 $146 (17. Qf4 a4 18. Qxc7 Rxc7 19. Nbd4 Rxc5 20. Ne1 Rd8 21. Bxe4 Nxe4 22. Ndf3 g5 23. Rxd8+ Bxd8 {½-½ (63) Paunovic,D (2480)-Savic,M (2523) Palic 2014}) 17... Bxc6 18. Nfd4 Bxg2 19. Qxc7 Rxc7 20. Kxg2 a4 $1 {[%cal Ra4b3]} 21. Nxb5 Rb7 22. N3d4 Bc5 {With the idea ...e5.} 23. Nc3 Bxd4 24. Rxd4 Rxb2 25. Rxa4 Rc2 26. Ne4 Rxe2 {The position is equal.} 27. Nxf6+ gxf6 $11 {[%mdl 4096] Endgame KRR-KRR} 28. Rg4+ Kh8 29. a4 Rb8 30. Rc1 f5 31. Rf4 Rbb2 32. g4 Kg7 33. Rc3 Kf6 34. Kg3 Rbc2 35. Rxc2 Rxc2 36. gxf5 {KR-KR} e5 37. Rh4 Ra2 38. Rh6+ Kxf5 39. Rxh7 Ke6 40. Rh8 Rxa4 41. Re8+ Kf5 42. f3 Ra6 43. Re7 Rg6+ 44. Kf2 Rh6 45. Rxf7+ 1/2-1/2

[Event "4th Shamkir Chess 2017"]
[Site "Shamkir"]
[Date "2017.04.30"]
[Round "9"]
[White "Eljanov, Pavel"]
[Black "Kramnik, Vladimir"]
[Result "0-1"]
[WhiteElo "2751"]
[BlackElo "2811"]
[Annotator "TA"]
[PlyCount "126"]
[EventDate "2017.??.??"]
[EventType "tourn"]
[EventCountry "AZE"]
[SourceTitle "playchess.com"]
[Source "ChessBase"]
[SourceQuality "1"]

{[%evp 21,126,17,11,-7,0,0,0,0,0,0,0,-3,0,-7,0,0,0,-16,0,0,0,0,0,-10,0,0,0,0,0,-12,-19,-4,0,0,0,0,15,15,18,20,15,16,16,16,58,18,16,16,12,32,22,17,17,0,0,0,94,0,0,0,41,42,46,41,145,0,0,-73,-50,-120,-113,-118,-102,-445,-433,-416,-365,-386,-360,-437,-410,-536,-534,-576,-535,-758,-591,-877,-872,-1061,-614,-585,-602,-658,-586,-6403,-733,-750,-729,-713,-696,-4533,-4476,-1984,-1706,-5357,-4715]} 1. d4 Nf6 2. c4 e6 3. Nf3 d5 4. g3 Be7 5. Bg2 O-O 6. O-O dxc4 7. Qc2 a6 8. a4 Bd7 9. Qxc4 Bc6 10. Bf4 Nbd7 {[%cal Bb8d7,Bd7b6,Bb6d5][%mdl 32]} 11. Nc3 Bd6 {LiveBook: 11 Games. E05: Open Catalan: 5 Nf3 Be7} 12. e3 $146 ({Predecessor (19):} 12. Bd2 Ne4 13. Nxe4 Bxe4 14. Ng5 Bxg2 15. Kxg2 Nf6 16. Qc2 h6 17. Nf3 Qe7 18. e4 {1-0 (35) Gelfand,B (2741)-Kasimdzhanov,R (2704) Berlin 2015}) 12... Nb6 13. Qb3 Bxf4 {The position is equal.} 14. gxf4 a5 15. Ne5 Bxg2 16. Kxg2 Nbd5 17. Rg1 Rc8 18. Rac1 Nb4 19. Qc4 g6 20. Rgd1 c6 21. Qe2 Qe7 22. Nc4 Qc7 23. Qf3 Nbd5 24. h4 Rfd8 25. b3 Nxc3 26. Rxc3 Qe7 27. Ne5 (27. Nxa5 $2 Qb4 28. Rc5 Nd7 $19) 27... Kg7 28. Kh3 c5 29. Rdc1 {[%cal Rc3c5]} b6 30. dxc5 Rxc5 31. Rxc5 bxc5 32. Nc6 Qb7 {White should prevent ...Rd2.} 33. Kg2 Rd5 34. Nxa5 Qb4 35. Nc4 Qxb3 36. a5 Qa2 37. Kf1 Rh5 38. Qe2 Qb3 (38... Qa4 $11 {remains equal.}) 39. Qc2 (39. Qb2 $16 Qd3+ 40. Kg1 Rxh4 41. f3) 39... Qb7 40. Qb2 Qa8 41. Ke2 Rxh4 42. Rb1 Qg2 (42... Qe4 $14 43. Nd6 Qc6 44. Nxf7 Rxf4) 43. Ne5 {[#]} (43. a6 $16) 43... c4 $1 {[%mdl 512] ...Ne4 is the strong threat.} 44. Qd4 (44. Nd7 $11 {keeps the balance.} Rxf4 45. exf4 Qe4+ 46. Kf1 (46. Kd2 Qxf4+ 47. Kd1 Qf3+ 48. Qe2 Qf5 $11)) (44. Nxc4 Rh2) 44... c3 $40 {[%mdl 128] Black is up to no good.} 45. a6 (45. Qa7 Nd5 46. Qxf7+ Kh6 47. Qf8+ Kh5 $19) (45. Re1 $1 $15) 45... c2 $17 46. Rc1 {With the idea Kd3.} Rh1 47. Rxc2 $2 {[%mdl 8192]} (47. Qa1 $17 {is a better chance.} Rxc1 48. Qxc1) 47... Qf1+ $19 48. Kd2 Qd1+ ({Don't do} 48... Qxf2+ 49. Kc3 Qe1+ 50. Kb3 $19) ({Less strong is} 48... Qxa6 49. Rb2 $19) 49. Kc3 {[#] Threatens to win with Qxd1.} Qa1+ 50. Kb3 {aiming for Qxa1.} Qxa6 {And now ...Qb5+ would win.} 51. Nc4 Rb1+ {Black is clearly winning.} 52. Nb2 Ra1 53. Rc5 Ra3+ 54. Kb4 Ra2 55. Qc3 Qb6+ 56. Rb5 Qd6+ 57. Rc5 Ra8 58. Nd3 Rb8+ (58... Qa6 $142 59. Qc2 Rb8+ 60. Kc3 Ne4+ 61. Kd4 Nxc5 62. Nxc5 Rb4+ 63. Kc3 Rc4+ 64. Kb2 Rxc2+ 65. Kxc2 Qc4+ 66. Kd1 Qxc5) 59. Ka4 Qa6+ 60. Ra5 Qb7 61. Nc5 Qb1 {( -> ...Qa2+)} 62. Ka3 Kg8 63. Nb3 Nd5 0-1

[Event "4th Shamkir Chess 2017"]
[Site "Shamkir"]
[Date "2017.04.30"]
[Round "9"]
[White "Radjabov, Teimour"]
[Black "Karjakin, Sergey"]
[Result "1/2-1/2"]
[WhiteElo "2710"]
[BlackElo "2783"]
[Annotator "TA"]
[PlyCount "82"]
[EventDate "2017.??.??"]
[EventType "tourn"]
[EventCountry "AZE"]
[SourceTitle "playchess.com"]
[Source "ChessBase"]
[SourceQuality "1"]

{[%evp 21,82,9,22,27,32,30,23,22,25,28,34,10,15,16,47,0,0,0,36,22,22,22,19,20,47,20,25,26,25,25,22,22,22,25,25,22,22,21,22,23,23,23,23,16,22,25,24,16,16,16,16,16,16,16,19,16,16,16,16,0,16,0,16]} 1. d4 Nf6 2. Nf3 d5 3. c4 e6 4. Nc3 c5 5. cxd5 Nxd5 6. e4 Nxc3 7. bxc3 cxd4 8. cxd4 Bb4+ 9. Bd2 Bxd2+ 10. Qxd2 O-O 11. Bc4 Nd7 12. O-O {D41: Queen's Gambit Declined: Semi-Tarrasch with 5 cxd5} b6 13. a4 Bb7 14. Rfe1 {White has an edge.} (14. Bd3 e5 15. Qe3 exd4 16. Nxd4 Nc5 17. Bc2 Re8 18. f3 Qf6 19. a5 Rad8 {1-0 (63) Carlsen,M (2855)-Kramnik,V (2812) Paris 2016}) 14... Nf6 15. Bd3 h6 16. a5 bxa5 17. Rxa5 Qc7 {[#]} 18. Rc1 $146 (18. Rc5 Qe7 19. Qa5 Rfc8 20. Rxc8+ Bxc8 21. Nd2 Bb7 {½-½ (52) Rotstein,A (2540)-Remling,C (2345) Germany 2004}) 18... Qd8 19. Re1 Qc7 20. Qb4 Rfb8 {Hoping for ...Bxe4.} 21. Qa3 Rc8 22. h3 Qf4 {[%cal Rf6e4]} 23. d5 ({Reject} 23. Rxa7 Nxe4 24. Rxa8 Bxa8 $15) 23... exd5 24. e5 {[#] Qe7 is the strong threat.} Ne4 25. Qe7 Bc6 26. e6 Rf8 27. exf7+ Rxf7 28. Qb4 Re8 29. Qd4 Ng5 30. Rxe8+ Bxe8 31. Qxf4 Rxf4 32. Nxg5 hxg5 33. Rxd5 $11 {[%mdl 4096] Endgame KRB-KRB} g4 34. Rd8 Kf7 {The position is equal.} 35. Ra8 gxh3 36. Rxa7+ Kf6 37. gxh3 Bf7 38. Be2 Be6 39. Ra6 {[#] Black must now prevent Bg4.} Ke7 40. Ra7+ Kf6 41. Ra6 {Strongly threatening Bg4.} Ke5 1/2-1/2